[Event "189th open MGU"]
[Site "Sofia"]
[Date "2017.09.10"]
[Round "4.10"]
[White "Doychev, Ivan"]
[Black "Stoyanov, Plamen"]
[Result "1-0"]
[WhiteElo "1188"]
[BlackElo "1470"]
[PlyCount "31"]
[EventDate "2017.09.09"]
[EventType "swiss"]
[EventRounds "6"]
[EventCountry "BUL"]

1. e4 c6 2. d4 d5 3. exd5 cxd5 4. c4 Nf6 5. Nf3 Nc6 6. Nc3 g6 7. Bf4 ({RR} 7.
cxd5) 7... a6 8. Ne5 $146 ({RR} 8. Be2 Bg7 9. a3 O-O 10. O-O dxc4 11. Bxc4 b5
12. Ba2 Bg4 13. d5 Bxf3 14. Qxf3 Nd4 15. Qd3 Nh5 16. Be3 Nf5 17. Bc5 Rc8 18.
Be3 Nd6 19. Rac1 Qd7 20. Rfe1 Nc4 21. Re2 Ne5 22. Qe4 f5 {
Bielby,P (1899)-Round,M (1982)/Wetherby 2016/CBM 170 Extra/1/2 (35)}) ({RR} 8.
c5 Nh5 ({RR} 8... Bg7 9. h3 Nh5 10. Bh2 O-O 11. Be2 Nf6 12. Ne5 Nd7 13. Nxc6
bxc6 14. O-O e5 15. dxe5 Nxe5 16. Qa4 Bb7 17. Rfe1 Re8 18. Rad1 f5 19. Bf1 Qf6
20. Qb3 Qf7 21. Na4 Rab8 22. Bf4 h6 23. Qg3 {
Pedruzzi,P (1949)-Santa Isabel,M (1660)/Curitiba 2015/CBM 170 Extra/1-0 (38)})
9. Be3 Bg7 10. Na4 O-O 11. Nb6 Rb8 12. Be2 f5 13. Ng5 f4 14. Bd2 e5 15. h4 Nxd4
16. Bxh5 gxh5 17. Rc1 Bg4 18. f3 Bf5 19. O-O h6 20. Nh3 Qxh4 21. Nxd5 Qd8 22.
Nb6 Bf6 {Muranyi,J (1741)-Tarsi,M (1963)/Eger 2008/EXT 2011/1/2}) 8... Bg7 9.
cxd5 Nxd5 10. Nxd5 Bxe5 11. dxe5 Qa5+ 12. Qd2 Qxd2+ 13. Kxd2 O-O 14. Bc4 b5 15.
Bb3 Rd8 16. Ke3 1-0

[Event "189th open MGU"]
[Site "Sofia"]
[Date "2017.09.10"]
[Round "4.11"]
[White "Ivanov, Oleg M."]
[Black "Sapareva, Magdalena"]
[Result "0-1"]
[WhiteElo "1548"]
[BlackElo "1503"]
[PlyCount "60"]
[EventDate "2017.09.09"]
[EventType "swiss"]
[EventRounds "6"]
[EventCountry "BUL"]

1. Nf3 d5 2. d4 e6 3. g3 h6 4. Bg2 Nf6 5. O-O c5 6. c4 Nc6 7. cxd5 Nxd5 8. e4
$146 ({RR} 8. dxc5 Bxc5 9. e4 Nde7 10. Qc2 Bb6 11. Bf4 Bd7 12. Nc3 Rc8 13. Rfd1
Bc7 14. Bxc7 Rxc7 15. Nb5 O-O 16. Nxc7 Qxc7 17. Rac1 Qc8 18. Nd4 Qb8 19. Nxc6
Bxc6 20. Qc5 Ng6 21. Qd6 Qe8 22. b3 f5 {
Gonzalez Parejo,R-Penate,E/Albania 2010/CBM 138 Extra/1-0}) 8... Nb6 9. Be3
cxd4 10. Nxd4 Be7 11. Nc3 O-O 12. Rc1 Nc4 13. Nxc6 bxc6 14. Qe2 Nxe3 15. Qxe3
Qb6 16. Qd2 Bg5 17. Qc2 Bxc1 18. Rxc1 Bb7 19. Na4 Qd4 20. Rd1 Qb4 21. a3 Qb5
22. Bf1 Qa5 23. b4 Qg5 24. Nc5 Bc8 25. Qd3 a5 26. Qd6 axb4 27. axb4 Ra7 28.
Qxc6 Rd8 29. Rb1 Qe7 30. b5 Rc7 0-1

[Event "189th open MGU"]
[Site "Sofia"]
[Date "2017.09.10"]
[Round "5.2"]
[White "Vaklinov, Vasil"]
[Black "Krustev, Krasimir S."]
[Result "1-0"]
[WhiteElo "2099"]
[BlackElo "1970"]
[PlyCount "133"]
[EventDate "2017.09.09"]
[EventType "swiss"]
[EventRounds "6"]
[EventCountry "BUL"]

1. c4 Nf6 2. Nc3 d6 3. g3 g6 4. Bg2 Bg7 5. e3 O-O 6. Nge2 c6 7. O-O e5 8. d3 a5
9. a3 Nbd7 10. Rb1 Qe7 11. b4 axb4 12. axb4 Nb6 13. b5 c5 14. Qb3 Be6 15. h3 e4
16. Nxe4 Nxe4 17. Bxe4 Bxc4 18. Qc2 Ba2 19. Rb2 Bxb2 20. Bxb2 Be6 21. Nf4 d5
22. Bg2 Ra2 23. Qc1 Rxb2 24. Qxb2 Ra8 25. Qe5 Qd7 26. Rc1 Re8 27. h4 Bf5 28.
Qf6 Qxb5 29. Nh5 gxh5 30. Qxf5 Re6 31. Bxd5 Nxd5 32. Qxd5 b6 33. Ra1 Re8 34.
Ra7 Rf8 35. Rb7 Qa6 36. Kg2 Qa8 37. Kh2 Qd8 38. Qf5 Qd6 39. Qxh5 Qf6 40. Qg4+
Kh8 41. Kg2 Qd6 42. Qe4 f5 43. Qe7 Qxe7 44. Rxe7 Rd8 45. Rb7 Rxd3 46. Rxb6 Kg7
47. Rc6 Rc3 48. Kf1 Rc2 49. Ke1 c4 50. e4 fxe4 51. Re6 c3 52. Rxe4 Rc1+ 53. Ke2
Rc2+ 54. Ke3 Rc1 55. Rf4 Rd1 56. Rc4 Rc1 57. Kd3 Rf1 58. Rg4+ Kh6 59. Rf4 Rc1
60. Rc4 Rf1 61. Ke3 Re1+ 62. Kf3 Rc1 63. Kg4 c2 64. Kf5 Kh5 65. Rc7 h6 66. Rc6
Rf1 67. g4+ 1-0

[Event "189th open MGU"]
[Site "Sofia"]
[Date "2017.09.10"]
[Round "5.3"]
[White "Kolev, Nikola Vl."]
[Black "Timev, Anzhelo"]
[Result "1-0"]
[WhiteElo "1909"]
[BlackElo "1805"]
[PlyCount "83"]
[EventDate "2017.09.09"]
[EventType "swiss"]
[EventRounds "6"]
[EventCountry "BUL"]

1. f4 d5 2. Nf3 Nf6 3. e3 Bg4 4. h3 Bxf3 5. Qxf3 e6 6. b3 c6 7. Bb2 Nbd7 8. Nc3
Bd6 9. O-O-O Qc7 10. g4 Nc5 11. g5 Nfd7 12. d4 Na6 13. Bxa6 bxa6 14. Rhf1 Qa5
15. e4 O-O-O 16. f5 Be7 17. h4 Bb4 18. Kb1 Rde8 19. fxe6 fxe6 20. Ne2 Qd8 21.
Qd3 Kb7 22. Rf7 Re7 23. Rdf1 Rxf7 24. Rxf7 Rg8 25. e5 Qe8 26. Rf1 g6 27. c3 Be7
28. Nf4 Bd8 29. Ba3 Rg7 30. Qh3 Rf7 31. Kc2 Rf5 32. Nd3 Qf7 33. Rxf5 gxf5 34.
Nf4 Be7 35. Bxe7 Qxe7 36. Qg3 Nf8 37. h5 Qg7 38. g6 h6 39. Qh4 Qd7 40. Qf6 Qe8
41. g7 Nd7 42. Qxe6 1-0

[Event "189th open MGU"]
[Site "Sofia"]
[Date "2017.09.10"]
[Round "5.4"]
[White "Metev, Martin"]
[Black "Hristov, Hristo M."]
[Result "0-1"]
[WhiteElo "1965"]
[BlackElo "2138"]
[PlyCount "116"]
[EventDate "2017.09.09"]
[EventType "swiss"]
[EventRounds "6"]
[EventCountry "BUL"]

1. e4 c5 2. Nf3 Nc6 3. d4 cxd4 4. Nxd4 Qb6 5. Nb3 Nf6 6. Nc3 e6 7. Bd3 a6 8.
O-O Qc7 9. a4 b6 10. f4 d6 11. Qe1 Be7 12. Qg3 O-O 13. f5 Kh8 14. Bg5 Nh5 15.
Qh4 Bxg5 16. Qxg5 Nf6 17. fxe6 fxe6 18. Rf4 Ne5 19. Raf1 Bb7 20. Kh1 Qe7 21.
Nd4 h6 22. Qg3 g5 23. R4f2 Nfg4 24. Rxf8+ Rxf8 25. Rxf8+ Qxf8 26. Nf3 Qf6 27.
h3 Nxf3 28. Qxf3 Qxf3 29. gxf3 Ne5 30. Kg2 Kg7 31. Kg3 Ng6 32. Ne2 e5 33. Nc3
Nf4 34. Nd1 Bc8 35. Bf1 a5 36. Ne3 Kf6 37. c3 Be6 38. b4 d5 39. exd5 Nxd5 40.
Nxd5+ Bxd5 41. c4 Bb7 42. c5 axb4 43. cxb6 b3 44. Bd3 h5 45. a5 b2 46. Kf2 Ke7
47. Ke3 Kd6 48. Kd2 Bxf3 49. a6 Kc6 50. b7 Kc7 51. Kc2 g4 52. hxg4 hxg4 53.
Kxb2 g3 54. Bf1 Kb8 55. Kc2 Be2 56. Bh3 Bxa6 57. Kd2 Bxb7 58. Ke3 Kc7 {Kd4} 0-1

[Event "189th open MGU"]
[Site "Sofia"]
[Date "2017.09.10"]
[Round "5.6"]
[White "Mladenov, Andrey"]
[Black "Andreev, Dobrotich"]
[Result "0-1"]
[WhiteElo "1558"]
[BlackElo "1881"]
[PlyCount "48"]
[EventDate "2017.09.09"]
[EventType "swiss"]
[EventRounds "6"]
[EventCountry "BUL"]

1. e4 c6 2. d4 d5 3. exd5 cxd5 4. c4 Nf6 5. Nc3 e6 6. Nf3 Bb4 7. Bd3 dxc4 8.
Bxc4 Nc6 9. O-O O-O 10. Bg5 Be7 11. Re1 Nd5 ({RR} 11... Bd7 12. a3 Rc8 13. Qd3
Nd5 14. Bxe7 Ndxe7 15. Rad1 Ng6 16. Ba2 Nce7 17. d5 exd5 18. Nxd5 Nxd5 19. Bxd5
Qf6 20. Bxb7 Rc7 21. Be4 Qxb2 22. Qd6 Qb6 23. Qg3 Bc8 24. Rd6 Qa5 25. Rd5 Rc5
26. Rxc5 {Tal,M (2580)-Ljubojevic,L (2600)/Manila 1990/CBM 019/0-1 (55)}) ({RR
} 11... h6 12. Bh4 a6 13. a3 b5 14. Bb3 Bb7 15. Qd3 g6 16. Bxe6 Kg7 17. Ba2 Qd6
18. Rad1 Nh5 19. d5 Bxh4 20. dxc6 Bxf2+ 21. Kxf2 Qxc6 22. Bd5 Qc5+ 23. Qd4+
Qxd4+ 24. Rxd4 Bxd5 25. Nxd5 Rad8 26. Re7 {
Hernandez,A (1971)-Langer,H (1813)/Amsterdam 2015/EXT 2016/1-0}) 12. Bxe7 Ncxe7
13. Ne4 b6 $146 ({RR} 13... Nc6 14. Rc1 a6 15. Bd3 Nf6 16. Nc5 Nb4 17. Bb1 b6
18. Nb3 Bb7 19. Re5 Rc8 20. Rxc8 Qxc8 21. Ne1 h6 22. Re3 Ba8 23. Rg3 Be4 24.
Bxe4 Nxe4 25. Re3 Nf6 26. Rc3 Qb7 27. Rc4 Nbd5 28. Qc1 {
Scheide,H (1913)-Sube,G (1787)/Lindow/Mark 2004/EXT 2006/1/2 (49)}) 14. h4 Bb7
15. a3 Nf5 16. h5 Nf6 17. Nxf6+ Qxf6 18. d5 Bxd5 19. Bxd5 Rad8 20. Qa4 Rxd5 21.
Qxa7 Nh4 22. Nxh4 Qxh4 23. Qxb6 Rxh5 24. Qb7 $4 (24. f3 $142 $17) 24... Qh1#
0-1

[Event "189th open MGU"]
[Site "Sofia"]
[Date "2017.09.10"]
[Round "5.7"]
[White "Ginev, Nikola"]
[Black "Doychev, Ivan"]
[Result "1-0"]
[WhiteElo "1714"]
[BlackElo "1188"]
[PlyCount "47"]
[EventDate "2017.09.09"]
[EventType "swiss"]
[EventRounds "6"]
[EventCountry "BUL"]

1. Nf3 d5 2. g3 c5 3. Bg2 Nf6 4. d3 Nc6 5. O-O e5 6. Nbd2 Bd6 7. e4 d4 8. Nc4
Bc7 9. a4 Be6 ({RR} 9... a6 10. Bd2 Rb8 11. Qe1 O-O 12. a5 Be6 13. b3 Ne8 14.
Nh4 Nd6 15. f4 Nxc4 16. bxc4 exf4 17. gxf4 f6 18. e5 f5 19. Nf3 h6 20. Kh1 Ne7
21. Rg1 Bd7 22. Qg3 g6 23. Qh3 Kg7 24. Be1 {
Valdes Romero,L (2406)-Ynojosa Aponte,F (2448)/Tromsoe 2014/CBM 162/1-0 (65)})
10. b3 Bxc4 ({RR} 10... O-O 11. Bg5 h6 12. Bd2 b6 13. Qc1 Kh7 14. Nh4 Qd7 15.
f4 Qe7 16. fxe5 Nxe5 17. Nxe5 Bxe5 18. Nf5 Bxf5 19. Rxf5 Rac8 20. Qd1 g6 21.
Rf3 a6 22. Qc1 Ng8 23. Bh3 Rc6 24. Qf1 Rf6 25. Qf2 {
Jovancev,O (1709)-Damjanovic,V (1444)/Belgrade 2016/CBM 171 Extra/1-0 (47)})
11. bxc4 O-O 12. Nh4 $146 ({RR} 12. Bh3 h6 13. Nh4 Ne7 14. Kh1 Qe8 15. Qf3 Qc6
16. Bd2 a6 17. Nf5 Nxf5 18. Qxf5 g6 19. Qf3 Kg7 20. Qg2 b5 21. axb5 axb5 22.
cxb5 Qxb5 23. Rxa8 Rxa8 24. Qf3 Qc6 25. Bg2 Ra2 26. Rc1 Bd8 {
Raguz,D (2177)-Klement,D (1933)/Zagreb 2010/EXT 2012/1/2 (32)}) 12... Ba5 13.
Bd2 Bxd2 14. Qxd2 Qd7 15. Nf5 h6 16. f4 Kh7 17. fxe5 Nxe5 {Äèàãðàììà #} 18.
Nxh6 $1 Qd8 19. Nf5 Neg4 20. Qg5 Rg8 21. Bh3 Ne5 22. Qh4+ Kg6 23. Ne7+ Qxe7 24.
Bf5# 1-0

[Event "189th open MGU"]
[Site "Sofia"]
[Date "2017.09.10"]
[Round "5.8"]
[White "Tsyntsarski, Boyko"]
[Black "Babatov, Martin"]
[Result "1-0"]
[WhiteElo "1672"]
[BlackElo "1737"]
[PlyCount "51"]
[EventDate "2017.09.09"]
[EventType "swiss"]
[EventRounds "6"]
[EventCountry "BUL"]

1. e4 c6 2. d4 d5 3. e5 Bf5 4. h4 h5 5. Be2 g6 6. Nh3 Bxh3 7. Rxh3 e6 8. Bg5
Qb6 9. Rb3 Qc7 10. Nc3 Nd7 11. g4 $146 ({RR} 11. Qd2 a6 12. O-O-O c5 13. Bf4
cxd4 14. Nxd5 Qc6 15. Nb4 Bxb4 16. Rxb4 Rd8 17. Bf3 Qc5 18. Rxd4 Qc7 19. Bg5
Ne7 20. Qb4 Nf5 21. Bxd8 Qxd8 22. Rxd7 {
1-0 Vladimirova,M (1973)-Noeva,G/Ruse 2007/CBM 117 Extra}) 11... hxg4 12. Bxg4
Be7 13. Qf3 Bxg5 14. hxg5 O-O-O 15. O-O-O Rh7 16. Nb5 cxb5 17. Rc3 Ne7 18.
Rxc7+ Kxc7 19. Qa3 Nc6 20. Qd6+ Kc8 21. Bxe6 fxe6 22. Qxe6 Ne7 23. Rd3 Rf8 24.
Rc3+ Kd8 25. b4 Rfh8 26. Qd6 1-0

[Event "189th open MGU"]
[Site "Sofia"]
[Date "2017.09.10"]
[Round "5.9"]
[White "Canadell Ruiz, Samuel Sandal"]
[Black "Georgiev, Nikolay Zh."]
[Result "0-1"]
[WhiteElo "1794"]
[BlackElo "1572"]
[PlyCount "116"]
[EventDate "2017.09.09"]
[EventType "swiss"]
[EventRounds "6"]
[EventCountry "BUL"]

1. d4 d5 2. e4 dxe4 3. f3 Nf6 ({RR} 3... e5 4. fxe4 Qh4+ 5. Kd2 Nf6 6. dxe5
Nxe4+ 7. Kd3 Nf2+ 8. Ke2 Nxd1 9. Kxd1 Nc6 10. Nc3 Bg4+ 11. Kd2 Qf2+ 12. Nce2
Bc8 {0-1 Mondoloni,A-Mchedlishvili,M (2631)/Ajaccio 2007/CBM 120 Extra}) 4. Be3
$146 ({RR} 4. Bg5 h6 ({RR} 4... Nc6 5. Bb5 Qd5 6. Bxc6+ Qxc6 7. Nc3 Bf5 8. d5
Qb6 9. Bxf6 exf6 10. fxe4 Qxb2 11. Nge2 Bb4 12. O-O Bxc3 13. Rb1 Qa3 14. Rxf5
Be5 15. Rxb7 Qe3+ 16. Rf2 Qxe4 17. Rb3 O-O 18. Ng3 Qh4 19. Qb1 {
Kocab,J (2114)-Donnert,M (2144)/Czechia 2012/EXT 2016/0-1}) 5. Bxf6 exf6 6.
fxe4 Bd6 7. Nf3 Bg4 8. Be2 O-O 9. O-O Re8 10. Nbd2 Bf4 11. c3 c6 12. Nh4 Bxe2
13. Qxe2 Qc7 14. Nhf3 Nd7 15. g3 Bxd2 16. Nxd2 Re6 17. Rae1 Rae8 18. Qf3 Qb6 {
Pota,L (1654)-Demeter,A (1734)/Hungary 2016/EXT 2017/0-1 (60)}) ({RR} 4. fxe4
Nxe4 5. Bd3 Nf6 6. Nf3 Bg4 7. c3 e6 8. Bg5 Bxf3 9. Qxf3 Qd5 10. Qxd5 Nxd5 11.
O-O Be7 12. Bd2 O-O 13. Na3 Nd7 14. Nc4 c5 15. Na5 cxd4 16. cxd4 Bf6 17. Nb3
Rac8 18. g4 h6 {
Mueller,U (2011)-Duncker,J (2251)/Germany 2013/EXT 2015/0-1 (52)}) 4... b6 5.
Nd2 Bb7 6. Bb5+ Nbd7 7. fxe4 Nxe4 8. Ngf3 a6 9. Bd3 Nxd2 10. Bxd2 e6 11. c3 Bd6
12. Bg5 Nf6 13. Qe2 h6 14. Bd2 Nh5 15. Qf2 Nf4 16. Bc2 Qf6 17. Rf1 O-O 18.
O-O-O Ng6 19. Rde1 Rae8 20. Be3 Bf4 21. Kb1 Bxe3 22. Qxe3 Nh4 23. Re2 Nxf3 24.
gxf3 Qg5 25. f4 Qd8 26. Rg1 Kh8 27. Qe5 Rg8 28. Re3 Qd6 29. Qh5 Ref8 30. Re5 b5
31. b3 Qe7 32. Reg5 Qf6 33. Rc5 Qxf4 34. Kb2 Bf3 35. Qh3 Bd5 36. Qd3 g6 37. Qh3
Rg7 38. Rg4 Qd2 39. Rxc7 h5 40. Kb1 Kg8 41. Rg1 b4 42. Rd1 Qf4 43. Rc5 bxc3 44.
Rxc3 Be4 45. Bxe4 Qxe4+ 46. Kc1 Kh7 47. Rc4 Rgg8 48. d5 Rc8 49. Qc3 Rxc4 50.
bxc4 exd5 51. c5 Qf4+ 52. Rd2 d4 53. Qc4 Rc8 54. Kc2 Qe4+ 55. Kd1 Qb1+ 56. Ke2
Re8+ 57. Kf2 Qf5+ 58. Kg3 Re3+ 0-1

[Event "189th open MGU"]
[Site "Sofia"]
[Date "2017.09.10"]
[Round "6.1"]
[White "Vaklinov, Vasil"]
[Black "Petrov, Vladimir Ol."]
[Result "1/2-1/2"]
[WhiteElo "2099"]
[BlackElo "2028"]
[PlyCount "20"]
[EventDate "2017.09.09"]
[EventType "swiss"]
[EventRounds "6"]
[EventCountry "BUL"]

1. e4 e5 2. Nf3 Nc6 3. Bc4 Bc5 4. c3 Nf6 5. d3 d5 6. exd5 Nxd5 7. O-O O-O 8.
Re1 Re8 9. Nbd2 Bg4 10. h3 Nb8 1/2-1/2

[Event "189th open MGU"]
[Site "Sofia"]
[Date "2017.09.10"]
[Round "6.2"]
[White "Krustev, Krasimir S."]
[Black "Kolev, Nikola Vl."]
[Result "0-1"]
[WhiteElo "1970"]
[BlackElo "1909"]
[PlyCount "132"]
[EventDate "2017.09.09"]
[EventType "swiss"]
[EventRounds "6"]
[EventCountry "BUL"]

1. e4 c5 2. d4 cxd4 3. c3 g6 4. Nf3 Bg7 5. Bc4 dxc3 6. Nxc3 Nh6 7. O-O O-O 8.
Qe2 Nc6 9. Rd1 Ng4 10. h3 Nge5 11. Nxe5 Nxe5 12. Bb3 b6 13. Bd5 Rb8 14. f4 e6
15. Bb3 Nc6 16. e5 Qe7 17. Ne4 Bb7 18. Nd6 Ba8 19. Be3 f6 20. exf6 Bxf6 21. a3
Qg7 22. Rd2 Nd4 23. Qd3 Nxb3 24. Qxb3 Bd5 25. Rxd5 exd5 26. Qxd5+ Kh8 27. Rc1
Qg8 28. Qd2 Qe6 29. Rc7 Ra8 30. Nb5 Rae8 31. Bf2 Qb3 32. Qxd7 Re7 33. Qd6 Ref7
34. Nc3 Kg8 35. Kh2 Rd8 36. Qc6 Rxc7 37. Qxc7 Qf7 38. Qc6 Bg7 39. Qf3 Rd2 40.
Ne4 Rxb2 41. Ng5 Qc4 42. Qa8+ Bf8 43. Bg3 Re2 44. Qxa7 Be7 45. Qa8+ Kg7 46. Nf3
Qe4 47. Qxe4 Rxe4 48. Nd2 Rd4 49. Nf3 Ra4 50. Bf2 Rxf4 51. Bxb6 Bxa3 52. Bf2
Bb2 53. Bg3 Rf5 54. Nh4 Ra5 55. Nf3 Kf6 56. Be1 Be5+ 57. Nxe5 Rxe5 58. Bc3 Kf5
59. Bxe5 Kxe5 60. Kg3 Ke4 61. Kg4 h6 62. h4 Ke5 63. g3 Ke4 64. Kh3 Kf3 65. g4
Kf4 66. g5 h5 {Kg4+} 0-1

[Event "189th open MGU"]
[Site "Sofia"]
[Date "2017.09.10"]
[Round "6.3"]
[White "Hristov, Hristo M"]
[Black "Ginev, Nikola"]
[Result "0-1"]
[WhiteElo "2138"]
[BlackElo "1714"]
[PlyCount "66"]
[EventDate "2017.09.09"]
[EventType "swiss"]
[EventRounds "6"]
[EventCountry "BUL"]

1. e4 c5 2. c4 Nc6 3. Ne2 Nf6 4. Nbc3 e5 5. d3 h6 6. g3 d6 7. Bg2 Be7 8. O-O
O-O 9. f4 Bg4 10. f5 Nd4 11. h3 Bxe2 12. Nxe2 Nxe2+ 13. Qxe2 Nd7 14. h4 Nb8 15.
Qf2 Bf6 16. Be3 Nc6 17. Bf3 Nd4 18. Kg2 Kh7 19. Rh1 g6 20. Bg4 Kg7 21. Raf1 Qe7
22. Qd2 Rh8 23. fxg6 fxg6 24. Rf2 g5 25. Bxd4 exd4 26. Bh5 Raf8 27. Rhf1 gxh4
28. gxh4 Rhg8 29. Kh1 Kh7 30. Qf4 Bg7 31. Qh2 Rxf2 32. Qxf2 Rf8 33. Qxf8 Qxh4+
0-1